| 000 | 00459cam a2200169ua 4500 | ||
|---|---|---|---|
| 041 |
_aeng _h |
||
| 082 |
_a631.3 _bSMI/FA |
||
| 100 | _aSmith, Harris Pearson A E. | ||
| 245 |
_aFarm machinery and equipment / _cHarris Pearson Smith A E. _hTextual Documents |
||
| 250 |
_a4 / _b. |
||
| 260 |
_aNew York : _bMc Graw Hill Book Company , _c1955. |
||
| 300 | _a514 ; . | ||
| 504 | _a | ||
| 700 | 1 | _aWilkes, Lambert Henry M S. | |
| 942 | _cBK | ||
| 999 |
_c242 _d242 |
||